Agrobiznes a rozwój wsi i rolnictwa w warunkach przygotowan do przystapienia Polski do Unii Europejskiej materialy na konferencje naukowa ..., Ladek Zdrój, 11-13 lipca 2000 r.

Salvato in:
Dettagli Bibliografici
Altri autori: Urban, Stanislaw
Natura: Libro
Lingua:polacco
Pubblicazione: Wroclaw Wydawnictwo Akademii Ekonomicznej im. Oskara Langego we Wroclawiu 2000
Serie:Prace naukowe nr. 865
Soggetti:
Tags: Aggiungi Tag
Nessun Tag, puoi essere il primo ad aggiungerne!!

MARC

LEADER 00000nam a2200000 4500
001 c123805
005 20240417121452.0
022 |a 0324-8445 
041 0 |a pol 
044 |a PL 
245 1 0 |a Agrobiznes a rozwój wsi i rolnictwa w warunkach przygotowan do przystapienia Polski do Unii Europejskiej  |b materialy na konferencje naukowa ..., Ladek Zdrój, 11-13 lipca 2000 r.  |c Redaktor naukowy: Stanislaw Urban 
264 1 |a Wroclaw  |b Wydawnictwo Akademii Ekonomicznej im. Oskara Langego we Wroclawiu  |c 2000 
300 |a 346 s. 
490 1 |a Prace naukowe  |v nr. 865 
830 0 |a Prace naukowe  |v nr. 865 
610 2 0 |a integrácia ekonomická medzinárodná 
610 2 0 |a agroturistika 
610 2 0 |a obce 
610 2 0 |a poľnohospodárstvo 
610 2 0 |a bankovníctvo 
610 2 0 |a politika finančná 
610 2 0 |a infraštruktúra 
610 2 0 |a lízing 
610 2 0 |a hospodárstvo trhové 
610 2 0 |a obchod 
610 2 0 |a produkty 
610 2 0 |a reformy hospodárske 
610 2 0 |a vývoz 
610 2 0 |a roľníci 
610 2 0 |a zabezpečenie sociálne 
610 2 0 |a konkurencieschopnosť 
610 2 0 |a Poľsko 
610 2 0 |a Bielorusko 
610 2 0 |a Európska únia 
700 1 |a Urban, Stanislaw